Statistics for Montenegrin car plates

Click here to take the quiz!

General Stats

  • This quiz has been taken 42 times
  • The average score is 17 of 23

Answer Stats

HintAnswer% Correct
PGPodgorica
100%
BRBar
97%
HNHerceg Novi
97%
NKNikšić
97%
KOKotor
94%
ULUlcinj
94%
BDBudva
90%
CTCetinje
90%
TVTivat
90%
BPBijelo Polje
84%
ŽBŽabljak
84%
DGDanilovgrad
77%
BABerane
74%
ANAndrijevica
65%
KLKolašin
65%
RORožaje
65%
MKMojkovac
61%
PLPlav
61%
PVPljevlja
61%
GSGusinje
58%
Plužine
52%
ŠNŠavnik
52%
PTPetnjica
32%

Score Distribution

Percentile by Number Answered

Percent of People with Each Score

Your Score History

You have not taken this quiz